Movies Quiz

Random Movies or Animation Quiz
Score 0/25 Timer 05:00
5 Plays Today
Picture # Character % Correct
5Woody
96.7%
7Buzz Lightyear
94.1%
13WALL-E
91.5%
1.Bob 'Mr Incredible' Parr
91%
23Mike Wazowski
85.2%
20Rex
77.9%
3Lightning McQueen
77.6%
10EVE
71.1%
25Mater
66.9%
11Bullseye
60.4%
19Lucius 'Frozone' Best
57.9%
8Dug
56.6%
9Crush
53.9%
Picture # Character % Correct
4Flik
53.9%
14Helen 'Elastigirl' Parr
52.3%
22Marlin
52.3%
12Remy
51.1%
16Randall Boggs
49.2%
21Edna Mode
48.8%
2Kevin
48.1%
6Gill
34.5%
15Russell
30.6%
17Alfredo Linguini
17.8%
18Luxo, Jr.
11.8%
24Rosie
7%
Remove Ads.
Support Sporcle.
Get the best of Sporcle when you Go Orange. This ad-free experience offers more features, more stats, and more fun while also helping to support Sporcle. Thank you for becoming a member.

You're not logged in!

Compare scores with friends on all Sporcle quizzes.
OR
Log In

Show Comments

Extras

Top Quizzes Today


Score Distribution

Your Account Isn't Verified!

In order to create a playlist on Sporcle, you need to verify the email address you used during registration. Go to your Sporcle Settings to finish the process.

Report this User

Report this user for behavior that violates our Community Guidelines.

Details: